| 000 | 00769nmm a2200277 a 4500 | ||
|---|---|---|---|
| 003 | AR-BaBNM | ||
| 005 | 20251128204022.0 | ||
| 008 | 107019s1969 ||||||||||||||000 | spa|| | ||
| 040 | _cAR-BaBNM | ||
| 100 | 1 | _aLemos, Martín F. | |
| 245 | 1 | 0 | _a¿Quién fue en el teatro nacional? |
| 260 |
_aBuenos Aires _bEdiciones Culturales Argentinas _bSecretaría de Estado de Cultura y Educación _c1969 |
||
| 300 |
_a284 p. _bil. |
||
| 500 | _aIncluye lista de colaboradores en p. 281 | ||
| 650 | 4 | _aLITERATURA ARGENTINA | |
| 650 | 4 | _aBIOGRAFIAS | |
| 650 | 4 | _aTEATRO | |
| 650 | 4 | _aACTORES | |
| 650 | 4 | _aTEATRO POPULAR | |
| 650 | 4 | _aCIRCOS | |
| 653 | _aCRITICA TEATRAL | ||
| 655 | _aBIOGRAFIAS | ||
| 700 | 0 |
_aN.S.A. _eprologuista |
|
| 942 | _cBK | ||
| 998 | _cMARTIN | ||
| 999 |
_c5824 _d5824 |
||